000 00324nam a2200133Ia 4500
005 20260328101506.0
008 260328s9999||||xx |||||||||||||| ||und||
100 _aVon Eckardt, Wolf
245 0 _aEric Mendelsohn /
_cWolf Von Eckardt
260 _bGeorge Brazilier
300 _a128 p.
650 _aARQUITECTOS
942 _cBK
999 _c9040
_d9040